000 00808nam a2200265 a 4500
001 BRCA_5843
005 20190320205233.0
008 140311d1937----nyu#######---#000-0#eng-#
041 _aeng
044 _anyu
050 4 _aHG4651
_b.F67
_c1937
100 1 _aW. Kimber, Albert.
_914796
245 1 0 _aForeign dollar bonds.
_b1937
_cby Albert W. Kimber.
260 _aNew York.
_bWhite, Weld and Co.
_c1937
300 _a107 p.
_c28 cm.
500 _aInicio de la publicación: 1937
500 _aLa biblioteca tiene: ed. 14 (1950).- ed. 17 (1953).- ed. 21 (1957).- ed. 22 (1958).
500 _aVer también P16 y U19.
500 _aH104
650 1 4 _aBonos financieros
_zEstados Unidos
_914797
650 1 4 _aDólares
_914798
710 2 _aWhite, Weld and Co.
_914799
902 _aGFM
942 _2lcc
_cB
999 _c5532
_d5532